Villes des Aventuriers du Rail Europe 🇪🇺 - avec images - Statistiques

Statistiques générales
  • Ce quiz a été pris 26 fois
    11 depuis la dernière actualisation
  • Le résultat moyen est 29 sur 47
Statistiques - réponses
Par images Hint Réponse % Correct
Empire allemand Berlin
90%
Belgique Bruxelles
90%
Danemark København
90%
Empire russe Moskva
90%
France Paris
90%
Autriche-Hongrie Wien
90%
Grèce Athina
80%
Espagne Barcelone
80%
Autriche-Hongrie Budapest
80%
Empire allemand Frankfurt
80%
Espagne Madrid
80%
France Marseille
80%
Empire allemand München
80%
Bosnie-Herzégovine Sarajevo
80%
Bulgarie Sofia
80%
Croatie Zagreb
80%
Empire ottoman Angora
70%
France Brest
70%
Empire ottoman Constantinople
70%
Empire allemand Essen
70%
Empire russe Kyïv
70%
Royaume-Uni London
70%
Italie Roma
70%
Italie Venezia
70%
Pays-Bas Amsterdam
60%
France Dieppe
60%
Roumanie Bucuresti
50%
Espagne Cádiz
50%
Empire allemand Dantzig
50%
Empire ottoman Erzurum
50%
Portugal Lisboa
50%
Italie Palermo
50%
Empire russe Petrograd
50%
Suède Stockholm
50%
Suisse Zürich
50%
Italie Brindisi
40%
Royaume-Uni Edinburgh
40%
Empire russe Rostov
40%
Empire ottoman Smyrna
40%
Empire russe Sochi
40%
Empire russe Warszawa
40%
Empire russe Wilno
40%
Espagne Pamplona
30%
Empire russe Smolensk
30%
Empire russe Riga
20%
Empire russe Sevastopol
20%
Empire russe Kharkov
10%
Aucun quiz correspondant
Distribution des résultats
% des personnes avec chaque résultat
Percentile par nombre de réponses
Votre historique - résultats
Vous n’avez pas pris ce quiz depuis la dernière actualisation